Loading...
| Science - Biology | 1 | 2 | 1 | 0 | 30 | 57 | 99.33 | 1 | 2 |
| Science - Chemistry | 0 | 2 | 0 | 0 | 20 | 105 | 112.00 | 0 | 1 |
| History - American History | 0 | 2 | 1 | 0 | 15 | 78 | 96.50 | 1 | 1 |
| Beliefs | 0 | 1 | 0 | 0 | 10 | 88 | 88.00 | 0 | 1 |
| Fine Arts - Other Arts | 0 | 1 | 0 | 0 | 10 | 123 | 123.00 | 0 | 0 |
| History - European History | 0 | 1 | 0 | 0 | 10 | 67 | 67.00 | 0 | 1 |
| Literature - World Literature | 0 | 1 | 0 | 0 | 10 | 135 | 135.00 | 0 | 0 |
| Social Science | 0 | 1 | 1 | 0 | 5 | 89 | 89.00 | 0 | 1 |
| Visual Arts | 0 | 0 | 0 | 0 | 0 | 0.00 | 0 | 0 | |
| Science - Physics | 0 | 1 | 2 | 0 | 0 | 139 | 139.00 | 0 | 0 |
| Literature - European Literature | 0 | 0 | 0 | 0 | 0 | 0.00 | 0 | 0 | |
| Science - Other Science | 0 | 0 | 1 | 0 | -5 | 0.00 | 0 | 0 | |
| Literature - American Literature | 0 | 0 | 1 | 0 | -5 | 0.00 | 0 | 0 | |
| Geography | 0 | 0 | 1 | 0 | -5 | 0.00 | 0 | 0 | |
| Philosophy | 0 | 0 | 2 | 0 | -10 | 0.00 | 0 | 0 |